00877nam a2200169Ia 4500008005200000082001700052100002100069245007800090250000800168260004200176300001700218440002900235504038100264650002000645650001500665650002700680200103s 1962 ||||xx |||||||||||||| ||und|| a620.106bGIL aGiles, Ranald V. 0aSchaum's outline of theory and problems of fluid mechanics and hydraulics a2nd bSchaum Publishing Co.c1962aNew York a274 p.: ill. a Schaum's outline series aTable of Contents Properties of fluids Fluid statics Hydrostatic force on surfaces Buoyancy and flotation Translation and rotation of liquid masses Dimensional analysis and hydraulic similitude Fundamentals of fluid flow Flow in closed conduits complex pipeline systems Flow in open channels Flow of compressible fluids Forces developed by moving fluids Fluid machinery Index aFluid mechanics aHydraulics aBuoyancy and flotation